Paradigms in conflict : (Registro nro. 30458)

Detalles MARC
000 -LEADER
campo de control de longitud fija 03452cam a22005174i 4500
003 - IDENTIFICADOR DE NÚMERO DE CONTROL
campo de control PE-LiUPU
005 - FECHA Y HORA DE LA ÚLTIMA TRANSACCIÓN
campo de control 20250731173108.0
008 - DATOS DE LONGITUD FIJA--INFORMACIÓN GENERAL
campo de control de longitud fija 181211s2018 miua rb 001 0 eng d
020 ## - NÚMERO INTERNACIONAL ESTÁNDAR DEL LIBRO
Número Internacional Estándar del Libro 0825444772
020 ## - NÚMERO INTERNACIONAL ESTÁNDAR DEL LIBRO
Número Internacional Estándar del Libro 9780825444777
035 ## - NÚMERO DE CONTROL DEL SISTEMA
Número de control de sistema (Sirsi) a251004
040 ## - FUENTE DE CATALOGACIÓN
Centro catalogador/agencia de origen PE-LiUPU
Lengua de catalogación spa
Centro/agencia transcriptor PE-LiUPU
Normas de descripción rda
049 ## - FONDOS LOCALES (OCLC)
Biblioteca depositaria PRUA
082 04 - NÚMERO DE LA CLASIFICACIÓN DECIMAL DEWEY
Número de clasificación 266
Cutter H48
Número de edición 20
100 1# - ENTRADA PRINCIPAL--NOMBRE DE PERSONA
Nombre de persona Hesselgrave, David J.,
Término indicativo de función/relación autor.
245 10 - MENCIÓN DEL TÍTULO
Título Paradigms in conflict :
Resto del título 15 key questions in christian missions today /
Mención de responsabilidad, etc. David J. Hesselgrave, Keith E. Eitel, editor.
246 3# - FORMA VARIANTE DEL TITULO
Título propio/Titulo breve Fifteen key questions in Christian missions today
250 ## - MENCION DE EDICION
Mención de edición Second edition.
264 #1 - PRODUCCIÓN, PUBLICACIÓN, DISTRIBUCIÓN, FABRICACIÓN Y COPYRIGHT
Producción, publicación, distribución, fabricación y copyright Grand Rapids, MI. :
Nombre del de productor, editor, distribuidor, fabricante Kregel Academic,
Fecha de producción, publicación, distribución, fabricación o copyright [2018].
300 ## - DESCRIPCIÓN FÍSICA
Extensión 378 páginas :
Otras características físicas ilustraciones ;
Dimensiones 23 centímetros
336 ## - TIPO DE CONTENIDO
Término de tipo de contenido text
Fuente rdacontent
337 ## - TIPO DE MEDIO
Nombre/término del tipo de medio unmediated
Fuente rdamedia
338 ## - TIPO DE SOPORTE
Nombre/término del tipo de soporte volume
Fuente rdacarrier
504 ## - NOTA DE BIBLIOGRAFÍA, ETC.
Nota de bibliografía, etc. Bibliografía al final de cada capítulo.
504 ## - NOTA DE BIBLIOGRAFÍA, ETC.
Nota de bibliografía, etc. Índice : páginas 366-378.
505 ## - NOTA DE CONTENIDO CON FORMATO
Nota de contenido con formato Sovereignty and Free Will: an Impossible Mix or a Perfect Match? -- Update Reflection: John Mark Terry -- Restrictivism and Inclusivism: Is This Missions Trip Really Necessary? -- Update Reflection: Keith E. Eitel -- Common Ground and Enemy Territory: How Should We Approach Other Faiths? -- Update Reflection: Keith E. Eitel -- Holism and Prioritism: For Whom Is the Gospel Good News? -- Update Reflection: Christopher R. Little -- Incarnationalism and Representationalism: Who Is Our Missionary Model-Jesus or Paul? -- Update Reflection: Christopher R. Little -- Power Encounter and Truth Encounter: What Is Essential in Spiritual Warfare? -- Update Reflection: Robin Dale Hadaway -- Amateurization and Professionalization: A Call for Missionaries or a Divine Calling? -- Update Reflection: Robin Dale Hadaway -- Form and Meaning: How Does the Inspiration of Scripture "In-form" Contextualization and Make It "Meaning-full"? -- Update Reflection: Bruce Riley Ashford and D. Scott Hildreth -- Countdowns and Prophetic Alerts: If We Go in Force, Will He Come in Haste? -- Update Reflection: John Mark Terry -- The Kindgom of God and the Church of Christ: What on Earth Is God Building-Here and Now? -- Update Reflection: Bruce Riley Ashford and D. Scott Hildreth -- Theology and the Social Sciences: What Role Should They Play in Church Planting Strategy? -- Bruce Riley Ashford and D. Scott Hildreth -- Challenges of World Christianities: What Is God Doing in Our World? -- Keith E. Eitel -- Harvest Missions vs. Pioneer Missions: Discipling the Masses or to the Margins? -- Robin Dale Hadaway -- Creation: Is Creation Care Mission? -- Christopher R. Little -- Business as Mission: When is it Mission and When is it Not? -- John Mark Terry.
526 ## - NOTA DE INFORMACIÓN SOBRE EL PROGRAMA DE ESTUDIO
Nombre del programa Segunda Especialidad En Profecías Bíblicas
526 ## - NOTA DE INFORMACIÓN SOBRE EL PROGRAMA DE ESTUDIO
Nombre del programa Segunda Especialidad En Nuevo Testamento
526 ## - NOTA DE INFORMACIÓN SOBRE EL PROGRAMA DE ESTUDIO
Nombre del programa Segunda Especialidad En Antiguo Testamento
526 ## - NOTA DE INFORMACIÓN SOBRE EL PROGRAMA DE ESTUDIO
Nombre del programa Segunda Especialidad En Estudios Adventistas
526 ## - NOTA DE INFORMACIÓN SOBRE EL PROGRAMA DE ESTUDIO
Nombre del programa Doctorado en teología
526 ## - NOTA DE INFORMACIÓN SOBRE EL PROGRAMA DE ESTUDIO
Nombre del programa Maestría en teología histórica
526 ## - NOTA DE INFORMACIÓN SOBRE EL PROGRAMA DE ESTUDIO
Nombre del programa Maestría en teología bíblica
526 ## - NOTA DE INFORMACIÓN SOBRE EL PROGRAMA DE ESTUDIO
Nombre del programa Maestría en teología
526 ## - NOTA DE INFORMACIÓN SOBRE EL PROGRAMA DE ESTUDIO
Nombre del programa Maestría en misionología
526 ## - NOTA DE INFORMACIÓN SOBRE EL PROGRAMA DE ESTUDIO
Nombre del programa Maestría en liderazgo eclesiástico
526 ## - NOTA DE INFORMACIÓN SOBRE EL PROGRAMA DE ESTUDIO
Nombre del programa Teología
596 ## -
-- 1
650 04 - PUNTO DE ACCESO ADICIONAL DE MATERIA--TÉRMINO DE MATERIA
Término de materia o nombre geográfico como elemento de entrada Misiones
Subdivisión general La teoría.
700 1# - ENTRADA AGREGADA--NOMBRE PERSONAL
Nombre de persona Eitel, Keith Eugene,
Fechas asociadas al nombre 1954-,
Término indicativo de función/relación editor.
910 ## - DATOS DE OPCIÓN DEL USUARIO (OCLC)
Datos de opción del usuario dbm
-- jpc
-- jpc
-- 201812011
942 ## - ELEMENTOS DE ENTRADA SECUNDARIOS (KOHA)
Fuente del sistema de clasificación o colocación Clasificación Decimal Dewey
Tipo de ítem Koha
994 ## -
-- C0
-- PEPRUE
999 ## - NÚMEROS DE CONTROL DE SISTEMA (KOHA)
-- DEWEY
-- 79084
-- 2021-11-10
-- 4
-- CCODEBUL1
-- BUL
-- 12.99
-- 1
-- 0
-- Y
-- BOOK
-- 2018-12-11
-- TEOLOGIA
-- P85
-- DONACION
-- FCOMPR2
-- .STAFF. Colección Teología
980 ## - EQUIVALENCIA O REFERENCIA-CRUZADA-MENCIÓN DE SERIE--NOMBRE DE PERSONA/TÍTULO [LOCAL, CANADÁ]
ID del último usuario que modificó el registro 1
Nombre del último usuario que modificó el registro ALBERTO SANCHEZ Responsable de Automatización
Existencias
Visto por última vez Número de inventario Total de préstamos Signatura topográfica completa Código de barras Copia número Coste, precio de reemplazo Fecha de reemplazo Facultad Tipo de ítem Koha Nota pública Estado de pérdida Fuente del sistema de clasificación o colocación Restricciones de uso No para préstamo Colección Programa académico Biblioteca de origen Biblioteca actual Ubicación en estantería Fecha de adquisición Fuente de adquisición Coste, precio normal de compra
2025-12-02 5   266 H48 79084 e1 17.99 2018-12-11   Libros físicos inventario-2023-12-13 No Perdido Clasificación Decimal Dewey No restringido Disponible para préstamos Colección General Maestría en teología Biblioteca CRAI UPeU Lima Biblioteca CRAI UPeU Lima Sala principal 2018-12-11 DONACION 12.99